00486 a2200205 4500260001000000630001800010037001300028650003900041100002600080260001800106245007100124300001000195650001400205260000900219300000900228100000700237037001200244037001200256037001200268 aParis a57 - Biologie b3, Achat a5 - SCIENCES EXACTES ET NATURELLES adir., Girard, Maurice bMasson et Cie aProblèmes actuels de boochimie appliquée : troisième série a242 p aBiochimie c1970 b24cm lFr aS 29568 aS 29559 aS 29569